Longs métrages d'animation Disney - Mort Subite - Statistiques

Statistiques générales
  • Ce quiz a été pris 2 007 fois
  • Le résultat moyen est 11 sur 15
Answers on the Grid
Answers color-coded by a green-red scale on the quiz's grid according to % correct below.
Shrek
Bambi
Le Roi lion
Raiponce
Kung Fu Panda
Cendrillon
Rio
Nos voisins, les hommes
Tarzan
Robots
L'Âge de glace
Kuzco, l'empereur mégalo
Mulan
La Belle et le Clochard
Madagascar
Rox et Rouky
Comme des bêtes
Gang de requins
Taram et le chaudron magique
Baby Boss
La ferme se rebelle
Frères des Ours
Monstres contre Aliens
Atlantide, l’empire perdu
Basile, Detective Privé
Dragons
Turbo
Les Minions
Les aventures de Bernard et Bianca
Ferdinand
 
Statistiques - réponses
Réponse % Correct
Le Roi lion
93%
Bambi
92%
Raiponce
91%
Cendrillon
89%
Tarzan
85%
Mulan
80%
La Belle et le Clochard
79%
Rox et Rouky
75%
Frères des Ours
70%
Kuzco, l'empereur mégalo
70%
Les aventures de Bernard et Bianca
69%
Atlantide, l’empire perdu
66%
Taram et le chaudron magique
61%
Basile, Detective Privé
58%
La ferme se rebelle
45%
Aucun quiz correspondant
Distribution des résultats
% des personnes avec chaque résultat
Percentile par nombre de réponses
Votre historique - résultats
Vous n’avez pas pris ce quiz